LEADER 01947oam 2200553M 450 001 9910716173303321 005 20200213070911.6 035 $a(CKB)5470000002518380 035 $a(OCoLC)1065601112 035 $a(OCoLC)995470000002518380 035 $a(EXLCZ)995470000002518380 100 $a20071213d1926 ua 0 101 0 $aeng 135 $aurcn||||||||| 181 $ctxt$2rdacontent 182 $cc$2rdamedia 183 $acr$2rdacarrier 200 10$aAudit of accounts of collectors of customs. May 7, 1926. -- Referred to the House Calendar and ordered to be printed 210 1$a[Washington, D.C.] :$c[U.S. Government Printing Office],$d1926. 215 $a1 online resource (24 pages) 225 1 $aHouse report / 69th Congress, 1st session. House ;$vno. 1137 225 1 $a[United States congressional serial set] ;$v[serial no. 8534] 300 $aBatch processed record: Metadata reviewed, not verified. Some fields updated by batch processes. 300 $aFDLP item number not assigned. 606 $aAdministrative law 606 $aAttorneys general's opinions 606 $aAuditing 606 $aCustoms administration 606 $aLegislative amendments 606 $aTariff 606 $aBorder patrol agents 608 $aLegislative materials.$2lcgft 615 0$aAdministrative law. 615 0$aAttorneys general's opinions. 615 0$aAuditing. 615 0$aCustoms administration. 615 0$aLegislative amendments. 615 0$aTariff. 615 0$aBorder patrol agents. 701 $aChindblom$b Carl Richard$f1870-1956$pRepublican (IL)$01396312 801 0$bWYU 801 1$bWYU 801 2$bOCLCO 801 2$bOCLCQ 801 2$bOCLCA 906 $aBOOK 912 $a9910716173303321 996 $aAudit of accounts of collectors of customs. May 7, 1926. -- Referred to the House Calendar and ordered to be printed$93456194 997 $aUNINA LEADER 02599oam 2200565 c 450 001 9910563048403321 005 20240922213722.0 024 7 $a10.3726/b12759 035 $a(CKB)4340000000239213 035 $a(oapen)https://directory.doabooks.org/handle/20.500.12854/32177 035 $a(PH02)9783954790074 035 $a(MiAaPQ)EBC31203544 035 $a(oapen)doab32177 035 $a(EXLCZ)994340000000239213 100 $a20240525d1992 uy 0 101 0 $ager 135 $aurnnunnnannuu 181 $ctxt$2rdacontent 182 $cc$2rdamedia 183 $acr$2rdacarrier 200 14$aDer Flexionsakzent im mittelbulgarischen Evangelie 1139 (NBKM)$fWolfgang Hock 205 $a1st, New ed. 210 $aFrankfurt a.M$cPH02$d1992 215 $a1 online resource (304 p.)$c, EPDF 225 0 $aSagners Slavistische Sammlung$v19 300 $aPeter Lang GmbH, Internationaler Verlag der Wissenschaften 311 08$a3-95479-007-6 327 $aEinleitung - Das Evangelie 1139 als Sprachdenkmal - Graphisches System - Phonologische Interpretation - Textwiedergabe und grammatische Darstellung - Der Akzent in der Flexion - Literatur- Abku?rzungen - Sachregister 330 $aDie Akzentgrammatik ist der erste Teil einer umfassenden Untersuchung zum mittelbulgarischen Flexionsakzent auf der Basis der bislang unvero?ffentlichten Handschrift Evangelie 1139 (N BKM )1, eines bulgarisch-kirchenslavischen Tetraevangeliums vom Ende des 14. Jahrhunderts.Kernstu?ck der Arbeit ist die synchrone Beschreibung des Akzentverhaltens in der Nominal- und Verbalflexion, begleitet von einem der jeweiligen Flexionsklasse nachgestellten historisch-sprachvergleichenden Kommentar. Erga?nzt wird die grammatische Darstellung durch den zweiten Teil, das Akzentwo?rterbuch, ein vollsta?ndiges Wort- und Formenverzeichnis des der Untersuchung zugrunde liegenden Sprachmaterials. II. Akzentwo?rterbuch. 517 $aFlexionsakzent im mittelbulgarischen Evangelie 1139 606 $alinguistics$2bicssc 610 $a1139 610 $aAkzentverhalten 610 $aAkzentwörterbuch 610 $aBulgarien 610 $aEvangelie 610 $aFlexionsakzent 610 $aHock 610 $amittelbulgarischen 610 $aNBKM 610 $aTetraevangelium 610 $aVerbalflexion 615 7$alinguistics 700 $aHock$b Wolfgang$4aut$01323539 801 0$bPH02 801 1$bPH02 906 $aBOOK 912 $a9910563048403321 996 $aDer Flexionsakzent im mittelbulgarischen Evangelie 1139 (NBKM)$93035649 997 $aUNINA